MARC

LEADER 00000nam0a2200000 4500
001 257370
005 20231031215846.0
035 |a (RuTPU)RU\TPU\book\280167 
090 |a 257370 
100 |a 20140416d1967 km y0rusy50 ca 
101 0 |a rus 
102 |a RU 
105 |a a z 001zy 
200 1 |a Механизмы точного времени  |f Д. А. Парамонов 
210 |a Москва  |c Знание  |d 1967 
215 |a 48 с.  |c ил. 
225 1 |a Новое в жизни, науке, технике  |v IV серия 
320 |a Библиогр.: с. 47. 
606 1 |a Время  |x Измерение  |2 stltpush  |3 (RuTPU)RU\TPU\subj\3746 
610 1 |a механизмы 
610 1 |a история 
610 1 |a часовая промышленность 
610 1 |a точность 
610 1 |a перспективы 
675 |a 681.116  |v 3 
700 1 |a Парамонов  |b Д. А.  |g Дмитрий Алексеевич 
801 1 |a RU  |b 63413507  |c 20140416 
801 2 |a RU  |b 63413507  |c 20170919  |g RCR 
942 |c BK